| 000 | 01338nam a2200337Ia 4500 | ||
|---|---|---|---|
| 001 | ebr10171531 | ||
| 003 | CaPaEBR | ||
| 006 | m u | ||
| 007 | cr cn||||||||| | ||
| 008 | 060614s2006 nyu sb 001 0 eng d | ||
| 010 | _z 2006048568 | ||
| 020 | _z1403976333 | ||
| 040 |
_aCaPaEBR _cCaPaEBR |
||
| 035 | _a(OCoLC)568019448 | ||
| 050 | 1 | 4 |
_aJA74.5 _b.A42 2006eb |
| 082 | 0 | 4 |
_a320.01/9 _222 |
| 100 | 1 |
_aAlschuler, Lawrence R., _d1941- |
|
| 245 | 1 | 4 |
_aThe psychopolitics of liberation _h[electronic resource] : _bpolitical consciousness from a Jungian perspective / _cLawrence R. Alschuler. |
| 260 |
_aNew York : _bPalgrave Macmillan, _c2006. |
||
| 300 | _axi, 204 p. | ||
| 504 | _aIncludes bibliographical references and index. | ||
| 533 |
_aElectronic reproduction. _bPalo Alto, Calif. : _cebrary, _d2009. _nAvailable via World Wide Web. _nAccess may be limited to ebrary affiliated libraries. |
||
| 650 | 0 | _aPolitical psychology. | |
| 650 | 0 | _aJungian psychology. | |
| 650 | 0 |
_aLiberty _xPsychological aspects. |
|
| 650 | 0 |
_aIndians _xPsychology _vCase studies. |
|
| 650 | 0 |
_aIndians _xPolitics and government. |
|
| 655 | 7 |
_aElectronic books. _2local |
|
| 710 | 2 | _aebrary, Inc. | |
| 856 | 4 | 0 |
_uhttp://site.ebrary.com/lib/rucke/Doc?id=10171531 _zAn electronic book accessible through the World Wide Web; click to view |
| 999 |
_c138538 _d138538 |
||